01747nas a2200241Ia 4500001001000000003001000010008004100020040002500061041001300086100001200099210005300111222005300164245005500217250001100272260008300283300001200366310001000378362001300388500048300401501011400884520048300998650002401481L230-5658IT-CnALBA170116c99999999xx |||||||||||| ||und|| aIT-CnALBAcIT-CnALBA aITALIANO aAA. VV. aRIVISTA STORICO-CRITICA DELLE SCIENZE TEOLOGICHE aRIVISTA STORICO-CRITICA DELLE SCIENZE TEOLOGICHE 0aRIVISTA STORICO-CRITICA DELLE SCIENZE TEOLOGICHE.  a1a ed. a LONDONbCONSTABLE & CO., LTD. c1908 [1° Ed.:1908 - Ed.Ling.Originale: 1908] a986 p.  aVARIA a (1908) aTELOGIA DI S. PAOLO. CRISTOLOGIA DEGLI ATTI DEGLI APOSTOLI. CRISTOLOGIA DELL'APOCALISSE. EUCARESTIA NEL NUOVO TESTAMENTO. EVOLUZIONE STORICA DEI SACRAMENTI. DOTTRINA DI NESTORIO E DOTTRINA DI TERTULLIANO SUI SACRAMENTI. TEOLOGIA STORICA. STORIA E LETTERATURA BIBLICA. STORIA E LETTERATURA CRISTIANA. STORIA E LETTERATURA ORIENTALE. AGIOGRAFIA E LITURGIA. ARCHEOLOGIA E ARTE. ARTICOLI SU ALTRI ARGOMENTI. CONFRONTA INDICE DEL VOLUME, DOCUMENTO 5658 PER UNA CONOSCENZA SPECIFICA.  aSocietà San Paolo EM - Piazza San Paolo, 14 - 12051 ALBA (CN) (non commercial uses only) ® Copyright 2017 aTELOGIA DI S. PAOLO. CRISTOLOGIA DEGLI ATTI DEGLI APOSTOLI. CRISTOLOGIA DELL'APOCALISSE. EUCARESTIA NEL NUOVO TESTAMENTO. EVOLUZIONE STORICA DEI SACRAMENTI. DOTTRINA DI NESTORIO E DOTTRINA DI TERTULLIANO SUI SACRAMENTI. TEOLOGIA STORICA. STORIA E LETTERATURA BIBLICA. STORIA E LETTERATURA CRISTIANA. STORIA E LETTERATURA ORIENTALE. AGIOGRAFIA E LITURGIA. ARCHEOLOGIA E ARTE. ARTICOLI SU ALTRI ARGOMENTI. CONFRONTA INDICE DEL VOLUME, DOCUMENTO 5658 PER UNA CONOSCENZA SPECIFICA.  aDOGMATICA CRISTIANA